Hecho en Argentina (Registro nro. 8747)

Detalles MARC
000 -LEADER
fixed length control field 00866nas a2200265 454500
001 - CONTROL NUMBER
control field 34234
005 - DATE AND TIME OF LATEST TRANSACTION
control field 20260407193509.0
008 - FIXED-LENGTH DATA ELEMENTS--GENERAL INFORMATION
fixed length control field 260407s2002####ag###########|||spa#d
003 - CONTROL NUMBER IDENTIFIER
control field AR-UNSa-BCEJYS
040 ## - CATALOGING SOURCE
Original cataloging agency AR-UNSa-BCEJYS
Language of cataloging spa
Transcribing agency AR-UNSa-BCEJYS
080 ## - UNIVERSAL DECIMAL CLASSIFICATION NUMBER
Universal Decimal Classification number 338.45
Common auxiliary subdivision Industria como sector económico. Producción comercial, industrial
041 ## - LANGUAGE CODE
Language code of text/sound track or separate title spa
100 1# - MAIN ENTRY--PERSONAL NAME
Personal name Unión Industrial Argentina
245 10 - TITLE STATEMENT
Title Hecho en Argentina
264 #1 - PRODUCTION, PUBLICATION, DISTRIBUTION, MANUFACTURE, AND COPYRIGHT NOTICE
Place of production, publication, distribution, manufacture Buenos Aires :
Name of producer, publisher, distributor, manufacturer Inforcampo
Date of production, publication, distribution, manufacture, or copyright notice 2002
310 ## - CURRENT PUBLICATION FREQUENCY
Current publication frequency Frecuencia: Irregular
590 ## - LOCAL NOTE (RLIN)
Local note niveau_biblio:s niveau_hierar:1
650 ## - SUBJECT ADDED ENTRY--TOPICAL TERM
Topical term or geographic name entry element Política comercial
650 ## - SUBJECT ADDED ENTRY--TOPICAL TERM
Topical term or geographic name entry element Política industrial
650 ## - SUBJECT ADDED ENTRY--TOPICAL TERM
Topical term or geographic name entry element Producción industrial
650 ## - SUBJECT ADDED ENTRY--TOPICAL TERM
Topical term or geographic name entry element EXPORTACIONES
700 1# - ADDED ENTRY--PERSONAL NAME
Personal name Sammartino, Alejandro
856 41 - ELECTRONIC LOCATION AND ACCESS
Uniform Resource Identifier <a href="https://biblioeco.unsa.edu.ar/pmb/images/revistas/hecho_arg.jpg">https://biblioeco.unsa.edu.ar/pmb/images/revistas/hecho_arg.jpg</a>
Link text Imagen de portada
Electronic format type image/jpeg
942 ## - ADDED ENTRY ELEMENTS (KOHA)
Koha item type
Existencias
Withdrawn status Lost status Damaged status Not for loan Home library Current library Shelving location Date acquired Serial enumeration / chronology Total checkouts Full call number Barcode Date last seen Price effective from Koha item type
        Biblioteca Prof. Eusebio Cleto del Rey Biblioteca Prof. Eusebio Cleto del Rey   01/11/2007 Año 4, Nº 31 - nov. 2007   H338.45 HEC 31 R17353 10/04/2026 10/04/2026 Numero
        Biblioteca Prof. Eusebio Cleto del Rey Biblioteca Prof. Eusebio Cleto del Rey   01/06/2007 Año 4, Nº 28 - jun. 2007   H338.45 HEC 28 R17352 10/04/2026 10/04/2026 Numero
        Biblioteca Prof. Eusebio Cleto del Rey Biblioteca Prof. Eusebio Cleto del Rey   01/02/2007 Año 4, Nº 26 - feb. 2007   H338.45 HEC 26 R17351 10/04/2026 10/04/2026 Numero
        Biblioteca Prof. Eusebio Cleto del Rey Biblioteca Prof. Eusebio Cleto del Rey   01/07/2006 Año 3, Nº 22 - jul. 2006   H338.45 HEC 22 R17339 10/04/2026 10/04/2026 Numero